| 000 | 00560nam a22001817a 4500 | ||
|---|---|---|---|
| 999 |
_c172369 _d172369 |
||
| 005 | 20200204141818.0 | ||
| 010 | _aENG-127628 | ||
| 020 |
_a9789380200705 _c199.00 |
||
| 035 | _aEN-111160 | ||
| 037 | _bDBAD/PUB | ||
| 082 | _a332.06 | ||
| 100 | _aChauhan,Manish | ||
| 245 |
_a5 Things you Should Know Before Investing / _bby Manish Chauhan |
||
| 260 |
_aMumbai _bBestsellers18 _c2012 |
||
| 270 |
_bMumbai _aB-23,Royal Industrial Estate,5-B, Naigun Cross Road,Wadala _e400013 |
||
| 300 |
_a137p. _b18cm(pbk) |
||
| 942 |
_2ddc _cEN _h332.6 _mCHA |
||